000 00473cam a22001577a 4500
008 180718b1960 xxu||||| |||| 00| 0 eng d
082 _aA6x54 ox2/1
245 _aSouth Asian Affairs: number one
_cedited by Raghavan Iyer
260 _aLondon
_bChatto & Windus
_c1960
300 _a155p.
500 _aSt Anthony's papers. number 8
650 _aSri Lanka.
650 _aIndia. [from old catalog]
650 _aPakistan. [from old catalog]
700 _aIyer, Raghavan ed.
999 _c411720
_d411720